| 000 -ლიდერი |
| ფიქსირებული სიგრძის საკონტროლო ველი |
00892nam a2200217Ia 4500 |
| 001 - საკონტროლო ნომერი |
| საკონტროლო ველი |
6159 |
| 003 - საკონტროლო ნომრის იდენტიფიკატორი |
| საკონტროლო ველი |
GE_BSU |
| 005 - ბოლო ოპერაციის თარიღი და დრო |
| საკონტროლო ველი |
20191220163712.0 |
| 008 - ფიქსირებული სიგრძის მონაცემთა ელემენტები - ზოგადი ინფორმაცია |
| ფიქსირებული სიგრძის საკონტროლო ველი |
181216s1965||||ge |||||||||||||| ||g || |
| 040 ## - კატალოგიზაციის წყარო |
| Transcribing agency |
GE_BSU |
| 080 ## - უნივერსალური ათობითი კლასიფიკაციის ინდექსი |
| Universal Decimal Classification number |
821.353.1-1 |
| 100 ## - მთავარი ჩანაწერი - პიროვნების სახელი |
| Personal name |
გეწაძე, აკაკი. |
| 9 (RLIN) |
5853 |
| 245 ## - ცნობა სათაურის შესახებ |
| Title |
თეთრი გემები : |
| Remainder of title |
ლექსები / |
| Statement of responsibility, etc |
აკაკი გეწაძე ; რედ. მ. ქოივა ; მხატვ. ნ. ლაფაჩი. |
| 264 ## - წარმოების, გამოცემის, დისტრიბუციის და სხვა ცნობები |
| გამოცემის, წარმოების, დისტრიბუციის... ადგილი |
თბილისი : |
| გამოცემის, წარმოების, დისტრიბუციის... სახელწოდება |
ლიტერატურა და ხელოვნება, |
| გამოცემის, წარმოების, დისტრიბუციის... თარიღი |
1965. |
| 300 ## - ფიზიკური აღწერა |
| Extent |
65 გვ. ; |
| Dimensions |
16 სმ. |
| 653 ## - INDEX TERM--UNCONTROLLED |
| Uncontrolled term |
თეთრი გემები |
| 653 ## - INDEX TERM--UNCONTROLLED |
| Uncontrolled term |
ლექსები |
| 700 ## - ADDED ENTRY--PERSONAL NAME |
| Personal name |
ქოივა, მ. |
| Relator term |
რედაქტორი |
| 9 (RLIN) |
5890 |
| 700 ## - ADDED ENTRY--PERSONAL NAME |
| Personal name |
ლაფაჩი, ნ. |
| Relator term |
მხატვარი |
| 9 (RLIN) |
5891 |
| 942 ## - ADDED ENTRY ELEMENTS (KOHA) |
| Koha item type |
წიგნი |
| Source of classification or shelving scheme |
|